| 000 -LEADER |
| fixed length control field |
01548cam a2200409 i 4500 |
| 001 - CONTROL NUMBER |
| control field |
19032300 |
| 003 - CONTROL NUMBER IDENTIFIER |
| control field |
OSt |
| 005 - DATE AND TIME OF LATEST TRANSACTION |
| control field |
20230306110851.0 |
| 008 - FIXED-LENGTH DATA ELEMENTS--GENERAL INFORMATION |
| fixed length control field |
160328m20142015th 001 0 eng |
| 010 ## - LIBRARY OF CONGRESS CONTROL NUMBER |
| LC control number |
2016324565 |
| 020 ## - INTERNATIONAL STANDARD BOOK NUMBER |
| International Standard Book Number |
9788880007432 (volume 1) |
|
| International Standard Book Number |
9788880007449 (volume 2) |
|
| International Standard Book Number |
9788880009634 (volume 3) |
| 040 ## - CATALOGING SOURCE |
| Original cataloging agency |
DLC |
| Language of cataloging |
eng |
| Description conventions |
rda |
| Transcribing agency |
DLC |
| Modifying agency |
DLC |
| 042 ## - AUTHENTICATION CODE |
| Authentication code |
lcode |
| -- |
pcc |
| 050 00 - LIBRARY OF CONGRESS CALL NUMBER |
| Classification number |
Z6605.B87 |
| Item number |
N88 2014 |
| 082 ## - DEWEY DECIMAL CLASSIFICATION NUMBER |
| Classification number |
025.3412 |
| 100 0# - MAIN ENTRY--PERSONAL NAME |
| Personal name |
Peter Nyunt |
| Relator term |
author. |
| 245 12 - TITLE STATEMENT |
| Title |
A descriptive catalogue of Burmese manuscripts in the Fragile Palm Leaves collection / |
| Statement of responsibility, etc. |
Peter Nyunt ; edited by Claudio Cicuzza. |
| 260 ## - PUBLICATION, DISTRIBUTION, ETC. |
| Place of publication, distribution, etc. |
Lumbini : |
| Name of publisher, distributor, etc. |
Fragile Palm Leaves Foundation, |
| Date of publication, distribution, etc. |
2015 |
| 300 ## - PHYSICAL DESCRIPTION |
| Extent |
3 volumes ; |
| Dimensions |
22 cm |
| 490 0# - SERIES STATEMENT |
| Series statement |
Materials for the study of the Tripiṭaka ; |
| Volume/sequential designation |
volumes 9-11 |
|
| Series statement |
Khō̜mūn Phratraipidok sưksā ; |
| Volume/sequential designation |
lēm 9-11 |
| 500 ## - GENERAL NOTE |
| General note |
Includes indexes. |
| 610 20 - SUBJECT ADDED ENTRY--CORPORATE NAME |
| Corporate name or jurisdiction name as entry element |
Fragile Palm Leaves Foundation |
| Form subdivision |
Catalogs. |
| 650 #0 - SUBJECT ADDED ENTRY--TOPICAL TERM |
| Topical term or geographic name entry element |
Manuscripts, Burmese |
| Geographic subdivision |
Thailand |
| -- |
Bangkok |
| Form subdivision |
Catalogs. |
| 700 1# - ADDED ENTRY--PERSONAL NAME |
| Personal name |
Cicuzza, Claudio, |
| Relator term |
editor. |
| 710 2# - ADDED ENTRY--CORPORATE NAME |
| Corporate name or jurisdiction name as entry element |
Fragile Palm Leaves Foundation, |
| Relator term |
issuing body. |
|
| Corporate name or jurisdiction name as entry element |
Lumbini International Research Institute, |
| Relator term |
issuing body. |
| 942 ## - ADDED ENTRY ELEMENTS (KOHA) |
| Koha item type |
Books (Long term) |
| 100 0# - MAIN ENTRY--PERSONAL NAME |
| 9 (RLIN) |
21270 |
| 336 ## - CONTENT TYPE |
| Content type term |
text |
| Content type code |
txt |
| Source |
rdacontent |
| 337 ## - MEDIA TYPE |
| Media type term |
unmediated |
| Media type code |
n |
| Source |
rdamedia |
| 338 ## - CARRIER TYPE |
| Carrier type term |
volume |
| Carrier type code |
nc |
| Source |
rdacarrier |
| 546 ## - LANGUAGE NOTE |
| Language note |
In English. |
| 610 20 - SUBJECT ADDED ENTRY--CORPORATE NAME |
| 9 (RLIN) |
21271 |
| 650 #0 - SUBJECT ADDED ENTRY--TOPICAL TERM |
| 9 (RLIN) |
21272 |
| 700 1# - ADDED ENTRY--PERSONAL NAME |
| 9 (RLIN) |
21273 |
| 710 2# - ADDED ENTRY--CORPORATE NAME |
| 9 (RLIN) |
21274 |
|
| 9 (RLIN) |
21275 |
| 906 ## - LOCAL DATA ELEMENT F, LDF (RLIN) |
| a |
7 |
| b |
cbc |
| c |
origres |
| d |
3 |
| e |
ncip |
| f |
20 |
| g |
y-gencatlg |
| 942 ## - ADDED ENTRY ELEMENTS (KOHA) |
| Source of classification or shelving scheme |
|